000 00610nam a2200229Ia 4500
003 OSt
005 20220923230316.0
006 a|||||r|||| 00| 0
007 ta
008 Pun
024 _a279,290
037 _cTextual
040 _aARTS
_cARTS
_bPun
041 _2Pun
_aPun
082 _aO153,1NBEx, N7
100 _aਬੇਦੀ, ਮੋਰਨ ਸਿੰਘ
245 0 _aਸਮੇ੍ਵ ਦਾ ਸੂਰਜ
260 _c1977
650 _aਪੰਜਾਬੀ ਸਾਹਿਤ
942 _hO153,1NBEx, N7
_cTEXL
_2CC
999 _c383833
_d383833